000 00584nam a2200229Ia 4500
003 OSt
005 20250501093422.0
008 241129s9999||||xx |||||||||||||| ||und||
020 _a9788180316807
040 _aSDCL
_beng
_cSDCL
041 _ahin
_2hin
084 _aP152 R3
_qSDCL
100 _aVerma, Ram Chandra
245 0 _aAchchi Hindi
246 _aअच्छी हिंदी
260 _aNew Delhi :
_bLokbharati Prakashan India,
_c2023.
300 _a267p.
365 _aINR
_b400
650 _aHindi
942 _cTEXL
_2CC
_n0
999 _c1234306
_d1234306